| 000 | 00397cam a22001331 4500 | ||
|---|---|---|---|
| 082 |
_a530 _bCAR _cL-6, P-36 |
||
| 100 | 1 |
_aCarter, Ernest Frank, _939741 |
|
| 245 | 1 | 0 |
_aPhysics for everyone; _b1001 physics questions and answers. _cEarnest Frank, Cartner |
| 260 |
_aLondon, _bBurke _c[1950] |
||
| 300 | _a223 p. | ||
| 526 |
_a0 _b0 _c0 _d530_000000000000000_CAR |
||
| 650 | 0 |
_aMCE _9379 |
|
| 942 |
_2ddc _cBK |
||
| 999 |
_c544186 _d544186 |
||